Statistics for Hollywood Celebrities By Pictures

Click here to take the quiz!

General Stats

  • This quiz has been taken 512 times
  • The average score is 8 of 10

Answer Stats

Answer% Correct
Justin Bieber
97%
Taylor Swift
94%
Emma Watson
93%
Tom Cruise
90%
Ellen DeGeneres
88%
Angelina Jolie
86%
Brad Pitt
86%
Beyonce
84%
Liam Hemsworth
73%
Priyanka Chopra
34%

Score Distribution

Percentile by Number Answered

Percent of People with Each Score

Your Score History

You have not taken this quiz